Introducción a la linguística: historia y modelos

Uloženo v:
Podrobná bibliografie
Hlavní autor: Marcos Marín, Francisco Adolfo (autor)
Médium: Kniha
Jazyk:španělština
Vydáno: Madrid Síntesis 1994
Edice:Colección Textos de Apoyo. Serie Linguística, 1
Témata:
Tagy: Přidat tag
Žádné tagy, Buďte první, kdo vytvoří štítek k tomuto záznamu!

MARC

LEADER 00000nam a2200000 a 4500
001 UCQ4554
003 CL-VaPUC
008 980910e19940000SP |||||||||||||||||spa|d
082 0 4 |a 410  |b MAR  |2 21 
100 |a Marcos Marín, Francisco Adolfo  |e autor  |9 421725 
245 1 0 |a Introducción a la linguística: historia y modelos 
300 |a 222 p 
942 |c BK 
945 |d 19980910 00:00:00  |a aarredon 
260 |a Madrid  |b Síntesis  |c 1994 
650 0 |a Lingüística  |9 265068 
650 0 |a Lenguaje   |9 265069 
650 0 |a Gramática  |9 270497 
650 0 |a Español  |9 255372 
650 0 |a Análisis lingüístico  |9 314711 
650 0 |a Escritura  |9 264941 
583 |a last modification  |c 19980910 00:00:00  |k Rodrigo Vera 
490 0 |a Colección Textos de Apoyo. Serie Linguística, 1 
999 |c 274917  |d 274915 
952 |0 0  |1 0  |4 0  |6 410_000000000000000_MAR_1994  |7 0  |8 A  |9 311319  |a BIBEDU  |b BIBEDU  |d 2019-11-20  |i 3461890  |l 2  |o 410 MAR 1994  |p 3461890  |r 2023-11-20  |s 2023-11-13  |w 2019-11-20  |y BK  |k LIT